000 00598nam a2200217 i 4500
001 C2-0216489
003 PPAK
005 20180728105203.0
008 990524s1978 io a|||| ||||| | may d
040 _aPPAK
_beng
_cPPAK
_erda
082 0 4 _a70917671
_2 23
090 0 0 _a70917671
_bISR
_dKSA
100 1 _aIsrar, C,
_eauthor
245 1 0 _aSejarah kesenian Islam
264 1 _aJakarta, Indonesia :
_bBulan Bintang ,
_c1978
300 _a228 pages :
_billustrations ;
_c21 cm
336 _2rdacontent
_atext
337 _2rdamedia
_aunmediated
338 _2rdacarrier
_avolume
942 _ddc
_cB
999 _c160120
_d160120